[Event "Collado Villalba 64 op 6th"]
[Site "Collado Villalba"]
[Date "2018.07.13"]
[Round "7"]
[White "Orta Vazquez, Mario"]
[Black "Feito Banon, Gonzalo"]
[Result "1-0"]
[WhiteElo "1427"]
[BlackElo "1337"]
[PlyCount "39"]
[EventDate "2018.07.08"]
[EventType "swiss"]
[EventRounds "7"]
[EventCountry "ESP"]
[SourceTitle "EXT 2019"]
[Source "ChessBase"]
[SourceDate "2018.10.10"]
[SourceVersion "1"]
[SourceVersionDate "2018.10.10"]
[SourceQuality "1"]

1. Nf3 Nf6 2. c4 Nc6 3. Nc3 e6 4. d4 d5 5. cxd5 Nxd5 6. e4 Nxc3 7. bxc3 a6 8. Bd3 Be7 9. Qc2 0-0 10. e5 g6 11. Bh6 Re8 12. h4 f5 13. Qd2 Bf8 14. Bg5 Ne7 15. h5 Qd7 16. hxg6 Nxg6 17. Bf6 Qf7 18. Ng5 Qd7 19. Rxh7 Be7 20. Rg7+ 1-0

[Event "Collado Villalba 64 op 6th"]
[Site "Collado Villalba"]
[Date "2018.07.11"]
[Round "5"]
[White "Gonzalez Berrendero, Carlos"]
[Black "Feito Banon, Gonzalo"]
[Result "1-0"]
[WhiteElo "1821"]
[BlackElo "1337"]
[PlyCount "117"]
[EventDate "2018.07.08"]
[EventType "swiss"]
[EventRounds "7"]
[EventCountry "ESP"]
[SourceTitle "EXT 2019"]
[Source "ChessBase"]
[SourceDate "2018.10.10"]
[SourceVersion "1"]
[SourceVersionDate "2018.10.10"]
[SourceQuality "1"]

1. b3 e5 2. Bb2 Nc6 3. e3 Nf6 4. Bb5 a6 5. Bxc6 dxc6 6. Bxe5 Be7 7. Nf3 Bg4 8. h3 Bxf3 9. Qxf3 Qd7 10. 0-0 0-0-0 11. c4 Qe6 12. d4 Bb4 13. a3 Bd6 14. Bxd6 Rxd6 15. Nc3 Re8 16. Rfb1 Re7 17. c5 Rd8 18. a4 Ne4 19. Nxe4 Qxe4 20. Qxe4 Rxe4 21. b4 b6 22. b5 Kb7 23. g3 Rd5 24. cxb6 cxb6 25. bxa6+ Kxa6 26. Rb3 Re6 27. Rab1 b5 28. axb5+ Rxb5 29. Ra1+ Kb7 30. Rc3 Rb2 31. Rac1 Rd2 32. R3c2 Rxc2 33. Rxc2 Rd6 34. Kg2 f6 35. Kf3 Rd5 36. Ke4 Kc7 37. g4 g6 38. Ra2 Kb7 39. f4 f5+ 40. gxf5 Rxf5 41. Rg2 Rh5 42. Rg3 Kc7 43. Kf3 Kd6 44. e4 Rh4 45. Ke3 Ke6 46. Kf3 Kd6 47. Ke3 Ke6 48. Rf3 Rh5 49. Kf2 Kd6 50. Kg3 Ke6 51. Ra3 Kd7 52. Ra7+ Ke6 53. Kg4 Kd6 54. f5 h6 55. h4 c5 56. Ra6+ Ke7 57. Rxg6 Rxf5 58. Kxf5 cxd4 59. Ke5 1-0